| 000 | 00851nam a22001937a 4500 | ||
|---|---|---|---|
| 999 |
_c62648 _d62648 |
||
| 003 | Ge_BSU | ||
| 005 | 20241230162758.0 | ||
| 008 | 241230s1955 ge ||||| |||| 00| 0 geo d | ||
| 041 | _ageo | ||
| 080 | _a618.4-089.4 კ-74 | ||
| 100 |
_aკოპალეიშვილი, ბ. _924034 |
||
| 245 |
_aმშობიარობის გაუტკივარების ფსიქოპროფილაქტიკური წესი / _cბ. კოპალეიშვილი, ნ. ლანდია. |
||
| 264 |
_aთბილისი : _b საქმედგამი, _c1955. |
||
| 300 |
_a23 გვ. ; _b20 სმ. |
||
| 490 | _aექიმის ბიბლიოთეკა | ||
| 653 | _aმშობიარობის გაუტკივარება | ||
| 653 | _aმედიცინა | ||
| 942 |
_2udc _cBK |
||